000 00457nam a2200169 4500
020 _a9788119443819
082 _aM NAR 294.561
_bDAM/S
100 _aDamodaran K Mayyanad
245 _aSree Narayana Guruswami jeevacharithram/
_cby Damodaran K Mayyanad
260 _aKozhikode:
_bAtma Books,
_c2024.
300 _a150p.
650 _aBiography Sree Narayana Guru
650 _aBiography Guru
650 _aHinduism
650 _aReligion
942 _cBK
999 _c181859
_d181859